000 00829nam a2200217 a 4500
003 BD-DhJNU
005 20250518055415.0
008 771201s1978 cou b 001 0 eng
020 _a0891580859
040 _aBD-DhJNU
_bENG
_cBD-DhJNU
_dBD-DhJNU
082 0 0 _a307.760973 MCF
_223
100 1 _aMcFarland, M. Carter.
245 1 0 _aFederal Government and urban problems :
_bHUD : successes, failures, and the fate of our cities /
_cM. Carter McFarland ; with an introd. by Paul Ylvisaker.
260 _aBoulder, Colo. :
_bWestview Press,
_c1978.
300 _axviii, 277 p. ;
_c24 cm.
504 _aIncludes bibliographical references and index.
610 1 0 _aUnited States.
_bDepartment of Housing and Urban Development.
650 0 _aHousing policy
_zUnited States.
650 0 _aCities and towns
_zUnited States.
942 _cBK
999 _c1713
_d1713